| 000 | 01213nam a22003497a 4500 | ||
|---|---|---|---|
| 003 | CHAP | ||
| 005 | 20220329132927.0 | ||
| 008 | 971013s1989 r 00010 d | ||
| 010 | _a344 | ||
| 011 | _a1316 | ||
| 035 | _a492 | ||
| 040 | _cCHAP | ||
| 090 | _aTesis | ||
| 100 | 0 | 0 |
_aRobles López, Antonio. _998091 |
| 245 | _aEvaluación de fechas alturas y horas de injertación de manzano y tejocote sobre tejocote (Crataegus pubescens H.B.K.) en Chapingo, Méx. | ||
| 260 |
_aChapingo, Méx. : _bEl autor, _c1989 |
||
| 300 | _a82 h. | ||
| 502 | _aTesis (Ing. Agr. Esp. en Fitotécnia) -- UACH. Departamento de Fitotecnia 36-52 | ||
| 590 |
_aALEPH _b10 _c20130110 _lUCH01 _h1205 |
||
| 590 |
_aBATCH-UPD _b10 _c20130110 _lUCH01 _h0145 |
||
| 590 |
_aBATCH-UPD _b10 _c20130110 _lUCH01 _h1813 |
||
| 590 |
_aBATCH-UPD _b10 _c20130409 _lUCH01 _h2144 |
||
| 590 |
_aBATCH-UPD _b10 _c20130914 _lUCH01 _h1745 |
||
| 590 |
_aCONVERSION _b10 _c20130109 _lUCH01 _h1302 |
||
| 650 | 1 | 4 |
_aManzana _xInjertos. _970779 |
| 650 | 1 | 4 |
_aPortainjertos. _990968 |
| 650 | 1 | 4 |
_aTejocote _xInjertos. _9112054 |
| 901 | _aBK | ||
| 942 | _cTESIS | ||
| 949 |
_bBC _cTES _d-73840 _eTS1 _fc.2 _h22485 _i492 _si |
||
| 949 |
_bBC _cTES _d-9939 _eTS1 _h22484 _i492 _si |
||
| 999 |
_c344 _d344 |
||